[Event "GER-chT U12"]
[Site "Verden an der Aller"]
[Date "2007.12.29"]
[Round "5.4"]
[White "Baumann, Oliver"]
[Black "Gutenkunst, Lukas"]
[Result "1-0"]
[WhiteElo "888"]
[BlackElo "768"]
[PlyCount "29"]
[EventDate "2007.12.27"]
[EventType "team-swiss"]
[EventRounds "7"]
[EventCountry "GER"]
[SourceTitle "EXT 2009"]
[Source "ChessBase"]
[SourceDate "2008.11.26"]
[SourceVersion "1"]
[SourceVersionDate "2008.11.26"]
[SourceQuality "1"]
[WhiteTeam "Stuttgart Wolfbusch U12"]
[BlackTeam "Baiertal/Schatthausen U12"]
[WhiteTeamCountry "GER"]
[BlackTeamCountry "GER"]

1. e4 e5 2. Nf3 Nc6 3. Bc4 Nf6 4. Nc3 Bb4 5. 0-0 d6 6. Ng5 d5 7. exd5 Nxd5 8. Nxd5 0-0 9. Qh5 h6 10. Ne4 Bd6 11. d4 exd4 12. Ndf6+ Kh8 13. Bxh6 g6 14. Bg7+ Kxg7 15. Qh7# 1-0